Assurance-chômage et diverses formes d'assistance aux chômeurs... : (Record no. 26362)

MARC details
000 -LEADER
campo de control de longitud fija 00735nam a2200193 i 4500
001 - NÚMERO DE CONTROL
campo de control 26362
003 - IDENTIFICADOR DE NÚMERO DE CONTROL
campo de control ES-MaACL
005 - FECHA Y HORA DE LA ÚLTIMA TRANSACCIÓN
campo de control 20250826083347.0
007 - CAMPO FIJO DE DESCRIPCIÓN FÍSICA--INFORMACIÓN GENERAL
campo de control de longitud fija t|
008 - DATOS DE LONGITUD FIJA--INFORMACIÓN GENERAL
campo de control de longitud fija 030109s1933 sz ||||1| fre d
111 2# - ENTRADA PRINCIPAL--NOMBRE DE CONGRESO/REUNIÓN
Nombre de congreso/reunión o jurisdicción como elemento de entrada Conferencia Internacional del Trabajo (
Número del congreso/reunión o número de parte o sección 17ª.
Fecha del congreso o de la firma del tratado 1933.
Sede del congreso/Lugar de la reunión Ginebra)
9 (RLIN) 164232
245 10 - MENCIÓN DEL TÍTULO
Título Assurance-chômage et diverses formes d'assistance aux chômeurs... :
Resto del título première discussion /
Mención de responsabilidad, etc. Conférence internationale du Travail, dix-septième session, Genève, 1933.
260 ## - PUBLICACIÓN, DISTRIBUCIÓN, ETC.
Lugar de publicación, distribución, etc. Genève :
Nombre del editor, distribuidor, etc. Bureau international du Travail,
Fecha de publicación, distribución, etc. 1933.
300 ## - DESCRIPCIÓN FÍSICA
Extensión 320 p. ;
Dimensiones 24 cm.
650 #4 - PUNTO DE ACCESO ADICIONAL DE MATERIA--TÉRMINO DE MATERIA
Término de materia o nombre geográfico como elemento de entrada Subsidio de paro.
9 (RLIN) 171583
710 1# - ENTRADA AGREGADA--NOMBRE DE ENTIDAD CORPORATIVA
Nombre de entidad corporativa o nombre de jurisdicción como elemento de entrada Oficina Internacional del Trabajo
9 (RLIN) 6023
852 ## - LOCALIZACIÓN
Ubicación ES-MaACL
Número de control de estantería A-1489
Holdings
Estatus retirado Estado de pérdida Estado de daño No para préstamo Biblioteca de origen Biblioteca actual Ubicación en estantería Fecha de adquisición Fuente de adquisición Total de préstamos Signatura topográfica completa Código de barras Visto por última vez Precio de reemplazo Tipo de ítem Koha
        Biblioteca del Ateneo de Madrid Biblioteca del Ateneo de Madrid Sala Pecera Planta 1 17/01/2008     A-1489 1027204 23/02/2023 23/02/2023 Libro impreso